000 02645cam a2200397 a 4500
001 15414195
005 20091019154222.0
008 080815s2009 enka |rb 001 0 eng
010 _a2008036274
020 _a9780415457583 (cloth : alk. paper)
020 _a0415457580 (cloth : alk. paper)
020 _a9780203881873 (ebook)
020 _a0203881877 (ebook)
035 _a(OCoLC)ocn244177273
040 _aDLC
_cDLC
_dBAKER
_dBWK
_dYDXCP
_dYDX
_dC#P
_dXVF
_dDLC
043 _aaw-----
050 0 0 _aDS63.1
_b.C623 2009
082 0 0 _a355.020956
_222
_bCON
245 0 0 _aConflict and Insurgency in the Contemporary Middle East /
_cedited by Barry Rubin.
260 _aLondon ;
_aNew York :
_bRoutledge,
_c2009.
300 _axi, 289 p. :
_bill., maps ;
_c24 cm.
490 1 _aMiddle Eastern military studies
504 _aIncludes bibliographical references and index.
505 0 _aWhat do Middle Eastern armies do? / Barry Rubin -- The Arab as insurgent and counterinsurgent / Norvell B. DeAtkine -- The Iran-Iraq War : will without means / Joana Dodds and Benjamin Wilson -- The lessons of the jihadist insurgency in Saudi Arabia / Hassan Mneimneh -- Egypt's civil war / Barry Rubin -- Terrorism as a military factor : the Israeli-Palestinian peace process era, 1993-2000 / Boaz Ganor -- Lebanon 2006 : unfinished war / Jonathan Spyer -- Lebanon's militia wars / Tony Badran -- The Soviet-Afghan War : a superpower mired in the mountains / Lester W. Grau -- The Morocco-Polisario War for western Sahara, 1975-1991 / Jacob Mundy -- Islamism and insurgency in post-independence Algeria / Yahia H. Zoubir -- The Iraq insurgency / William S. McCallister -- Innovation and war : the U.S. military and the Iraq insurgency / James A. Russell.
650 0 _aInsurgency
_zMiddle East
_xHistory
_y20th century.
_911670
650 0 _aInsurgency
_zMiddle East
_xHistory
_y21st century.
_911671
651 0 _aMiddle East
_xHistory
_y1979-
_911672
651 0 _aMiddle East
_xHistory, Military
_y20th century.
_911673
651 0 _aMiddle East
_xHistory, Military
_y21st century.
_911674
700 1 _aRubin, Barry M.
_911675
830 0 _aMiddle eastern military studies.
_911676
856 4 1 _3Table of contents only
_uhttp://www.loc.gov/catdir/toc/ecip0826/2008036274.html
942 _2ddc
_cBB
999 _c13457
_d13457